000 00772nas a2200253 4500
001 BR8707082
003 BR-BrBNA
005 20231205090910.0
007 ta
008 230509b bl.|||p| |||| 00| 00por d
040 _aBR-BrBNA
_bpor
_cBiblioteca Nacional de Agricultura
041 _a(Pt)
072 _aL72
100 1 _aDalagnol, C.A.
100 1 _aGoncalves, P.C.
245 1 _aSeparacao de nematodeos do abomaso de ovinos por flutuacao
246 1 _aSeparation of nematodes from abomasum of ovines by fluctuation
650 _aOVINO
650 _aNEMATOIDE
650 _aINTESTINO
773 0 _tHora Veterinaria (Brazil)
_xISSN 0101-9163
_g(Mar-Apr 1987), v. 6(36) p. 46-50
_wBR8707082
909 _a202311
_bLúcia
_c55
_dLúcia Elande
942 _2AGRIS
_n0
_cANA
999 _c121517
_d121517